Sports Quiz

Random Sports or Olympics Quiz

Hockey Nations Quiz Stats

Quiz not verified by Sporcle

Challenge
Share
Tweet
Embed
Score 0/73 Timer 07:00
0 Plays Today
Year joined Country % Correct
1920Canada
98.7%
1920United States
98.7%
1952Russia
97%
1912Sweden
95%
1908Great Britain
94.6%
1930Japan
94.1%
1963China
93.7%
1909Germany
93.6%
1928Finland
92.7%
1908France
90.9%
1924Italy
88.2%
1935Norway
88%
1985Mexico
87.5%
1908Czech Republic
86.5%
1923Spain
85.7%
1938Australia
85.1%
1984Brazil
84.6%
1992Slovakia
84%
1908Switzerland
83.7%
1946Denmark
81.6%
1960South Korea
79.7%
1912Austria
79.3%
1926Poland
78.3%
1937South Africa
77.6%
1998Argentina
77%
1999Portugal
76.9%
1931Latvia
76.5%
1977New Zealand
76.1%
1996Ireland
75.2%
1989India
75%
1935Netherlands
73.5%
1987Greece
73.1%
1992Ukraine
72.2%
1908Belgium
72.1%
1963North Korea
70.9%
1991Turkey
69.8%
1927Hungary
69.5%
Year joined Country % Correct
1992Slovenia
69.5%
1992Belarus
69.1%
1992Iceland
69%
1939Serbia
67.7%
1999Chile
67.5%
1938Lithuania
66.6%
1935Estonia
66.3%
1924Romania
64.4%
1992Kazakhstan
64.3%
1992Croatia
61.2%
1912Luxembourg
60.3%
1999Mongolia
60.2%
1960Bulgaria
57.5%
1991Israel
56.6%
2001Bosnia and Herzegovina
53.2%
1989Thailand
52.8%
2009Georgia
49.9%
2012Jamaica
49.3%
2001Liechtenstein
47.3%
1993Andorra
45.5%
2001Macedonia
44.9%
1983Chinese Taipei
44.6%
2008Moldova
42.6%
1999Armenia
41.4%
2010Morocco
40.8%
1992Azerbaijan
39.6%
2001United Arab Emirates
37.6%
2006Malaysia
36.9%
2012Qatar
36.7%
2014Oman
33.9%
1995Singapore
33.6%
2011Kyrgyzstan
31.8%
2009Kuwait
25.5%
1983Hong Kong
19.9%
1998Namibia
13.7%
2005Macau
8.8%

You're not logged in!

Compare scores with friends on all Sporcle quizzes.
Join for Free
OR
Log In

You Might Also Like...

Show Comments

Extras

Top Quizzes Today


Score Distribution

Your Account Isn't Verified!

In order to create a playlist on Sporcle, you need to verify the email address you used during registration. Go to your Sporcle Settings to finish the process.

Report this User

Report this user for behavior that violates our Community Guidelines.

Details: